Statistiques concernant Gares desservies par le TGV - Europe

Cliquez ici pour prendre le quiz!

Statistiques générales

  • Ce quiz a été pris 510 fois
  • Le résultat moyen est 28 sur 61

Statistiques - réponses

VilleType de TGVPays% Correct
BruxellesThalys, Eurostar, ICE et TGVBelgique
91%
Londres-Saint-PancrasEurostarAngleterre
90%
Milan (Garibaldi)TGVItalie
90%
BarceloneTGV et AVEEspagne
89%
Genève-CornavinLyriaSuisse
87%
Turin (Susa)TGVItalie
86%
Amsterdam-SchipholThalysPays-Bas
85%
Madrid (Atocha)AVEEspagne
85%
Amsterdam-CentralThalysPays-Bas
84%
Zurich HBLyriaSuisse
84%
Munich HbfTGVAllemagne
80%
Francfort-sur-le-Main HbfICE et TGVAllemagne
79%
Cologne HbfThalysAllemagne
78%
Rotterdam-CentralThalysPays-Bas
78%
BerneLyriaSuisse
77%
LuxembourgTGVLuxembourg
76%
Monaco - Monte-CarloTGVMonaco
74%
LausanneLyriaSuisse
73%
AnversThalysBelgique
71%
LiègeThalys et ICEBelgique
69%
Bâle CFFTGV, LyriaSuisse
67%
Düsseldorf AeroportThalysAllemagne
66%
Düsseldorf HbfThalysAllemagne
66%
Stuttgart HbfTGVAllemagne
63%
Dortmund HbfThalysAllemagne
57%
Aix-la-ChapelleThalysAllemagne
55%
Essen HbfThalysAllemagne
52%
Fribourg-en-Brisgau HbfTGVAllemagne
47%
SaragosseAVEEspagne
40%
GéroneTGV et AVEEspagne
39%
Karlsruhe HbfTGVAllemagne
39%
Mannheim HbfICE et TGVAllemagne
39%
Sarrebruck HbfICE et TGVAllemagne
29%
Augsbourg HbfTGVAllemagne
28%
AshfordEurostarAngleterre
27%
Duisbourg HbfThalysAllemagne
27%
Figueres-VilafantTGV et AVEEspagne
26%
MontreuxLyria (Saisonnier)Suisse
26%
Ulm HbfTGVAllemagne
25%
Baden-BadenTGVAllemagne
24%
SionLyria (Saisonnier)Suisse
24%
TarragoneAVEEspagne
24%
IrunTGVEspagne
23%
Oulx - Cesana - Claviere - SestrièresTGVItalie
23%
VintimilleTGVItalie
23%
Interlaken-EstLyriaSuisse
21%
Interlaken-OuestLyriaSuisse
21%
EbbsfleetEurostarAngleterre
20%
BardonècheTGVItalie
19%
VallorbeLyriaSuisse
17%
MartignyLyria (Saisonnier)Suisse
15%
Kaiserslautern HbfICE et TGVAllemagne
13%
AigleLyria (Saisonnier)Suisse
12%
NovareTGVItalie
12%
SierreLyria (Saisonnier)Suisse
9%
OltenLyriaSuisse
8%
VerceilTGVItalie
8%
ViègeLyria (Saisonnier)Suisse
7%
BrigueLyria (Saisonnier)Suisse
6%
MüllheimTGVAllemagne
5%
LoècheLyria (Saisonnier)Suisse
3%

Distribution des résultats

Percentile par nombre de réponses

% des personnes avec chaque résultat

Votre développement - résultats

Vous n’avez pas pris ce quiz